000 00961cam a22002651i 4500
001 sa 65009244
003 DLC
005 20260227112200.0
008 801125s1962 io ab l000 0 ind
010 _asa 65009244
025 _aPL480: Indo-1927
035 _a(OCoLC)6973638
040 _aDLC
_cNIC
_dNIC
_dDLC
041 0 _aindeng
050 0 0 _aHN710.D52
_bA57
110 1 _aIndonesia.
_bDjawatan Pekerdjaan Umum.
245 1 0 _aRentjana pendahuluan untuk kota Djakarta.
_cRentjana ini diselesaikan oleh Kenneth Watts, dari United Nations Technical Assistance Administration dengan kerdja sama R. S. Danunagoro, dan L. O'Brien.
250 _aTjet. 3.
260 _a[Djakarta]
_c1962.
300 _avi, 36 p.
_billus., maps (3 fold. in pocket)
_c28 cm.
500 _aAt head of title : Pemerintah daerah chusus ibukota Djakarta Raya.
500 _aIndonesian and English.
650 0 _aCity planning
_zIndonesia
_zJakarta.
700 1 _aWatts, Kenneth.
999 _c66099
_d66099